000
00288nam a22001337a 4500
008
180904b xxu||||| |||| 00| 0 eng d
020
_a
9781416002734
041
_a
eng
080
_a
611
100
_a
4
101
_a
SHM
245
_a
Clinical Diabetes
_c
Fonseca, V.A
942
_2
udc
_c
BK
999
_c
47497
_d
47497